000 00697nam a2200253Ia 4500
003 OSt
005 20221006144915.0
006 a|||||r|||| 00| 0
007 ta
008 221006b |||||||| |||| 00| 0 eng d
020 _c
_12.50
024 _a13,148
037 _cTextual
040 _aEASL
_cEASL
_beng
041 _2eng
_aeng
082 _aV41:80bX:322.n34<-N30, K9
100 _aHSIAO Tso-Liang
_9336112
245 0 _aland revolution in China ,1930-1934
260 _aSeattle
_bUniversity of Washington
_c1969
300 _a361p.
_ccm.
490 _v CEL
942 _hV41:80bX:322.n34<-N30, K9
_cTEXL
_2CC
999 _c1081234
_d1081234